| 000 | 00000nam##2200000za#4500 |
| 001 | 9.576697 |
| 003 | CaOODSP |
| 005 | 20240527135426 |
| 007 | cr ||||||||||| |
| 008 | 150406|2002||||xxc|||||o f|0| 0 eng|d |
| 040 | |aCaOODSP|beng |
| 043 | |an-cn--- |
| 086 | 1 |aCW69-9/218E-PDF |
| 110 | 2 |aCanadian Wildlife Service. |
| 245 | 10|aLoggerhead Shrike population trends in western Canada / |h[electronic resource]|c[by] B. Johns, D. Collister, R. Bjorge, K. De Smet, W. Harris, E. Wiltse, and S. Barry. |
| 260 | |aOttawa - Ontario : |bEnvironment Canada. |cDecember 2002. |
| 300 | |a6p.|bfigs., references, tables |
| 490 | 1 |aProgress notes|vNo. 218 |
| 500 | |aThe catalogue number (CW69-9/218E) and ISBN (0-662-33235-0) for the print edition have been incorrectly copied in this electronic publication. |
| 590 | |a13-15-Supp|b2013-06-24 |
| 690 | 07|aBirds|2gcpds |
| 775 | 08|tTendances démographiques des Pies-grièches migratrices de l'Ouest du Canada / |w(CaOODSP)9.605720 |
| 830 | #0|aProgress notes (Canadian Wildlife Service)|vNo. 218|w(CaOODSP)9.504439 |
| 856 | 40|ahttp://publications.gc.ca|qPDF|s247 KB|uhttps://publications.gc.ca/collections/collection_2013/ec/CW69-9-218-eng.pdf|yNo. 218 |